| 000 | 00754nam a2200217 a 4500 | ||
|---|---|---|---|
| 001 | 000020993 | ||
| 005 | 20200930011216.0 | ||
| 008 | 100825s1978 dr 000 0 spa d | ||
| 040 |
_aDO-SdBNP _bspa _cBNPHU |
||
| 082 | _aM722b, 1978 | ||
| 100 | 1 |
_aMolina, Henry _97271 |
|
| 245 | 1 | 0 |
_aBases para una política socio-laboral en la República Dominicana / _cHenry Molina ; prólogo José Gómez Cerda. |
| 250 | _a2a ed. | ||
| 260 |
_aSanto Domingo : _bVisión, _c1978. |
||
| 300 |
_a168 , 17, [6] p. : _b18 cm. |
||
| 500 | _aIncluye datos biográficos del autor en la página 167 | ||
| 650 | 4 |
_aTrabajadores _zRepública Dominicana _92452 |
|
| 700 | 1 | 2 |
_aGómez Cerda, José _epról. _98583 |
| 910 | _aValidado. Control de calidad MFF | ||
| 049 | _aBNPD | ||
| 999 |
_c20496 _d20496 |
||